| 000 | 00530nam a2200181Ia 4500 | ||
|---|---|---|---|
| 005 | 20250508154011.0 | ||
| 008 | 008 250505s9999 xx 000 0 eng d | ||
| 037 | _aBooks to be hide in OPAC | ||
| 040 |
_aFEDL _beng _cFEDL |
||
| 041 |
_aeng _2eng |
||
| 084 |
_a306.094386, HEN/O _qFEDL |
||
| 100 | _aHensel Witold | ||
| 245 | 0 | _aBeginnings of the Polish state | |
| 260 |
_aWarsaw, Poland _bPolonia Publishing House _c1960 |
||
| 300 | _a178p. | ||
| 942 |
_cHB _h306.094386, HEN/O |
||
| 999 |
_c1346939 _d1346939 |
||